000 00741cab a2200241 4500
001 ABS37352
008 090401t1987 xxu||||| |||| 00| 0 eng d
035 _a(Sirsi) u3855
041 _aeng
100 _aWild, N.R.
245 _aValuers determine farmers` destiny
260 _c1987
350 _a0
490 _aChartered Surveyor Weekly
_v18(6) 12 February 1987, 51(1)
520 _aBriefly examines the ways in which agricultural surveyors can help farmers cope successfully with the current economic pressures facing the industry.
650 _aABOUT RICS-RICS MEMBERS
650 _aFARM BUSINESSES
650 _aFARM MANAGEMENT
650 _aLAND AGENTS
690 _aRURAL PRACTICE
942 _n0
948 _c04/03/1997
999 _c2332
_d2332